Diccionario de seguros. Anexo modelos y fórmulas de uso corriente en la actividad aseguradora

Bibliographic Details
Main Author: Greco, Orlando
Format: Section = Libro
Language:Undetermined
Spanish
Published: Buenos Aires Vallelta 2004
Subjects:
LEADER 00545nam a2200181Ia 4500
008 240829s9999 xx 000 0 und d
020 |a 950-743-230-2 
040 |a BIBLIOTECA-RUPAP Ref 413.1 G791 
041 |a spa 
082 |a Ref 413.1 G791 
100 1 |a Greco, Orlando 
245 1 0 |a Diccionario de seguros. Anexo modelos y fórmulas de uso corriente en la actividad aseguradora 
260 |a Buenos Aires  |b Vallelta  |c 2004 
300 |a 303 p. :il. 
650 7 |a DICCIONARIOS - SOCIOLOGIA. I. Tít. 
942 |c BK  |2 ddc 
991 |a TEXTO 
999 |c 10411